Statistiques concernant Prénoms féminins les plus populaires en M

Cliquez ici pour prendre le quiz!

Statistiques générales

  • Ce quiz a été pris 647 fois
  • Le résultat moyen est 16 sur 51

Statistiques - réponses

HintRéponse% Correct
MaMarie
88%
MaManon
69%
MaMaria
59%
MyMyriam
54%
MaMarine
53%
MiMia
53%
MaMathilde
52%
MeMelanie
52%
MiMilla
49%
MoMonique
49%
MaMartine
43%
MeMelissa
43%
MiMichelle
42%
MaMargot
41%
MaMaelys
40%
MoMorgane
40%
MuMurielle
39%
MyMylene
37%
MeMaelle
36%
MeMelina
36%
MaMargaux
35%
MaMaud
35%
MaMaeva
34%
MiMireille
34%
MyMya
34%
MaMarianne
32%
MaMarina
30%
MaMadeleine
28%
MaMagali
27%
MaMaya
26%
MeMelodie
25%
MaMarguerite
24%
MeMegane
20%
MaMarlene
18%
MaMarlene
18%
MiMichele
18%
MiMicheline
17%
MaMauricette
16%
MaMauricette
16%
MaMarcelle
15%
MaMarthe
15%
MaMarjorie
14%
MaMaryline
12%
MeMelinda
12%
MaMalika
11%
MaMarinette
10%
MaMariette
8%
MaMailys
7%
MaMarjolaine
7%
MaMarylou
5%
MaMaurane
2%

Distribution des résultats

Percentile par nombre de réponses

% des personnes avec chaque résultat

Votre développement - résultats

Vous n’avez pas pris ce quiz